Kto Strzelił Wtedy Bramkę (EURO 2020) - Statystyki

Ogólne statystyki
  • Ten quiz został rozwiązany 103 razy
  • Średni wynik to 17 z 35
Statystyki odpowiedzi
drużyny\ wynik \ faza Strzelec % Poprawnych
Szwecja-Polska \ Faza Grupowa \ 2-1 Lewandowski
84%
Szwecja-Polska \ Faza Grupowa \ 2-2 Lewandowski
84%
Portugalia-Niemcy \ Faza Grupowa \ 1-0 Ronaldo
81%
Chorwacja-Hiszpania\1\8\3-4 Morata
78%
Francja-Szwajcaria \ 1\8 \ 3-1 Pogba
65%
Szwecja-Polska \ Faza Grupowa \ 1-0 Forsberg
64%
Szwecja-Polska \ Faza Grupowa \ 2-0 Forsberg
64%
Francja-Szwajcaria \ 1\8 \ 1-1 Benzema
63%
Francja-Szwajcaria \ 1\8 \ 2-1 Benzema
63%
Włochy-Anglia \ Finał \ 0-1 Shaw
63%
Włochy-Anglia \ Finał \ 1-1 Bonucci
61%
Chorwacja-Hiszpania\ 1\8 \ 1-0 (GS) Pedri
61%
Belgia-Włochy \ Półfinał \ 1-2 Lukaku
58%
Belgia-Włochy \ Półfinał \ 0-2 Insigne
56%
Francja-Szwajcaria \ 1\8 \ 0-1 Seferović
55%
Francja-Szwajcaria \ 1\8 \ 3-2 Seferović
55%
Rosja-Dania \ Faza Grupowa \ 1-3 Christensen
54%
Rosja-Dania \ Faza Grupowa \ 0-2 Poulsen
44%
Belgia-Włochy \ Półfinał \ 0-1 Barella
39%
Portugalia-Niemcy \ Faza Grupowa \ 1-3 Havertz
39%
Chorwacja-Hiszpania\1\8\1-3 Torres
38%
Portugalia-Niemcy \ Faza Grupowa \ 1-4 Gosens
35%
Rosja-Dania \ Faza Grupowa \ 1-4 Mæhle
34%
Francja-Szwajcaria \ 1\8 \ 3-3 Gavranović
33%
Portugalia-Niemcy \ Faza Grupowa \ 1-2 (GS) Guerreiro
33%
Portugalia-Niemcy \ Faza Grupowa \ 2-4 Jota
33%
Portugalia-Niemcy \ Faza Grupowa \ 1-1 (GS) Dias
31%
Chorwacja-Hiszpania\1\8\3-5 Oyarzabal
30%
Chorwacja-Hiszpania\1\8\3-3 Pasalić
29%
Rosja-Dania \ Faza Grupowa \ 1-2 Dzyuba
28%
Rosja-Dania \ Faza Grupowa \ 0-1 Damsgaard
25%
Szwecja-Polska \ Faza Grupowa \ 3-2 Claesson
24%
Chorwacja-Hiszpania\1\8\2-3 Orsić
21%
Chorwacja-Hiszpania\1\8\1-1 Sarabia
21%
Chorwacja-Hiszpania\1\8\1-2 Azpilicueta
13%
Nie znaleziono quizów pasujących do podanych kryteriów
Rozkład punktacji
Procent ludzi z każdym wynikiem
Percentyl według liczby udzielonych odpowiedzi
Twoja historia wyników
Nie rozwiązałeś tego quizu